| 000 | 00865nam a2200229 a 4500 | ||
|---|---|---|---|
| 001 | BRCA_9055 | ||
| 005 | 20190320210517.0 | ||
| 008 | 010917s1773----sp-#######---#000-0#spa-# | ||
| 041 | _aspa | ||
| 044 | _asp | ||
| 084 |
_aBE100 _b.N37 1773 |
||
| 100 | 1 |
_aNarva, Francisco Jacinto de _etr. _922421 |
|
| 245 | 1 | 0 |
_aSermones de Mr. Lafitau, Obispo de Sisteron _ctraducidos del idioma francés al español por Don Francisco Jacinto de Narva; tomo tercero. |
| 260 |
_aMadrid _bEn la Imprenta de Francisco Xavier Garcia _c1773 |
||
| 300 |
_a275 p. (t.3) _c20.7 x 15.5 cm |
||
| 500 | _aCon las licencias necesarias | ||
| 500 | _aEn portada: A costa de la Real Compañía de Impresores y Libreros | ||
| 500 | _aEstado físico: presenta encuadernación en pergamino con cintas | ||
| 650 | 1 | 4 |
_aSermones _yObras anteriores a 1800 _921369 |
| 902 | _aCFM | ||
| 942 |
_2lcc _cB |
||
| 999 |
_c8705 _d8705 |
||